| 000 | 01322nam a2200421 c 4500 | ||
|---|---|---|---|
| 001 | 48555 | ||
| 003 | ES-MaCES | ||
| 005 | 20161124121224.0 | ||
| 008 | 161123s2016 sp 000 | spa d | ||
| 017 |
_aB 17432-2016 _bDL |
||
| 020 | _a9788499926940 | ||
| 020 | _a1944835008 | ||
| 040 |
_aES-MaCES _bspa _cES-MaCES |
||
| 041 | 1 |
_aspa _heng |
|
| 100 | 1 |
_923745 _aSchwab, Klaus |
|
| 245 | 1 | 3 |
_aLa cuarta revolución industrial _cKlaus Schwab ; [pr. de Ana Patricia Botín] |
| 250 | _a1ª ed | ||
| 260 |
_aBarcelona _bDebate _c2016 |
||
| 300 |
_a217 p. _c23 cm |
||
| 500 | _aTrad. de: The fourth industrial revolution | ||
| 541 | _cCompra | ||
| 650 | 4 |
_anuevas tecnologías _930788 |
|
| 650 | 4 |
_atecnología de la información _930104 |
|
| 650 | 4 |
_aevaluación del impacto _930732 |
|
| 650 | 4 |
_aeconomía _926781 |
|
| 650 | 4 |
_aglobalización económica _930653 |
|
| 650 | 4 |
_avolumen de negocios _927931 |
|
| 650 | 4 |
_agobierno _927210 |
|
| 650 | 4 |
_arelaciones internacionales _926675 |
|
| 650 | 4 |
_asociedad _927269 |
|
| 650 | 4 |
_asistema de valores _929392 |
|
| 650 | 4 |
_acambio social _927286 |
|
| 653 | 1 | 0 | _aCiencias Sociales-Políticas |
| 700 | 1 |
_937553 _aBotín, Ana Patricia _epr. |
|
| 787 | 0 |
_tThe fourth industrial revolution _w(ES-MaCES)47088 |
|
| 902 | _aLIB Libro | ||
| 942 |
_2CES _cBK _h7.0. |
||
| 999 |
_c48555 _d48555 |
||